[Event "Challenge"]
[Site "http://www.queenalice.com/game.php?id=1085030"]
[Date "2012.7.20"]
[Round "-"]
[White "Jonatamachado"]
[Black "Pedrodkp"]
[Result "0-1"]
[WhiteElo "1061"]
[BlackElo "1128"]

1. d4 a5 2. e4 Ra6 3. Bxa6 Nxa6 4. Nf3 e6 5. Nc3 d5 6. e5 Bd7 7. O-O Be7 8. h3
f6 9. Be3 g5 10. Nh2 h5 11. a3 c5 12. f4 a4 13. Qd3 Qb6 14. fxg5 fxg5 15. dxc5
Nxc5 16. Qg6+ Kd8 17. Qg7 Rh6 18. Qxg8+ Be8 19. Bxc5 Bxc5+ 0-1

[Event "Challenge"]
[Site "http://www.queenalice.com/game.php?id=1086416"]
[Date "2012.7.24"]
[Round "-"]
[White "norbertokruger"]
[Black "Pedrodkp"]
[Result "1-0"]
[WhiteElo "1717"]
[BlackElo "1100"]

1. e4 e5 2. Nf3 Qf6 3. Nc3 a5 4. Nd5 Qc6 5. Nxe5 Qd6 6. Nc4 Qc5 7. d4 Qa7 8.
Nxc7+ Kd8 9. Nxa8 Qxa8 10. Ne5 Nh6 11. Bxh6 gxh6 12. Nxf7+ Ke7 13. Nxh8 Kf6 14.
Qf3+ Kg7 15. Bc4 Bb4+ 16. c3 b5 17. Qf7+ Kxh8 18. Qf6# 1-0

[Event "Challenge"]
[Site "http://www.queenalice.com/game.php?id=1086540"]
[Date "2012.7.25"]
[Round "-"]
[White "Pedrodkp"]
[Black "norbertokruger"]
[Result "0-1"]
[WhiteElo "1100"]
[BlackElo "1717"]

1. e3 e5 2. Nc3 d5 3. Qh5 Nc6 4. g3 Nf6 5. Qh4 d4 6. Ne4 Nb4 7. Bd3 Be6 8. Nf3
Ng4 9. a3 Be7 10. Qh5 O-O 11. axb4 g6 12. Qh3 Nxf2 13. Qf1 Nxh1 14. Qxh1 Bxb4
15. c3 Bd6 16. Nfg5 h6 17. Nf3 f5 18. Nxd6 Qxd6 19. exd4 e4 20. Be2 exf3 21.
Bxf3 c6 22. b4 g5 23. h3 Rfe8 24. Qf1 Bc4+ 25. Be2 Qxg3+ 26. Qf2 Rxe2+ 27. Kd1
Qxf2 28. Kc2 Qf3 29. Ra5 Qd3+ 30. Kd1 Bb3# 0-1

[Event "War"]
[Site "http://www.queenalice.com/game.php?id=1091849"]
[Date "2012.8.10"]
[Round "-"]
[White "Pedrodkp"]
[Black "Ichglauble"]
[Result "0-1"]
[WhiteElo "1186"]
[BlackElo "1735"]

1. e4 e5 2. Bc4 Nf6 3. Nf3 d6 4. a4 Nxe4 5. d3 Nf6 6. Nc3 Nc6 7. Ne4 Nxe4 8.
dxe4 Bg4 9. Qd2 Bxf3 10. gxf3 Nd4 11. Qg5 Nxf3+ 12. Kf1 Nxg5 13. Bd3 Nh3 14. f4
Qh4 15. Be3 exf4 16. Bg1 f3 17. Bb5+ c6 18. Bc4 f2 19. Ke2 Qxe4+ 20. Kd2 Qxh1
21. Ra3 fxg1=Q 22. Rxh3 Qhg2+ 23. Kc3 Qxh3+ 24. Bd3 g6 25. Kc4 Bg7 26. b4 Qe6#
0-1

[Event "Challenge"]
[Site "http://www.queenalice.com/game.php?id=1096778"]
[Date "2012.8.26"]
[Round "-"]
[White "vult0"]
[Black "Pedrodkp"]
[Result "1-0"]
[WhiteElo "1711"]
[BlackElo "1186"]

1. e4 d6 2. d4 e5 3. dxe5 dxe5 4. Qxd8+ Kxd8 5. Nf3 Nf6 6. Bg5 Be7 7. Nc3 Nfd7
8. Nd5 f6 9. Be3 c5 10. O-O-O g5 11. Nd2 a5 12. Nc4 Ra6 13. Nxe7 Kxe7 14. h4 h6
15. hxg5 b5 16. gxf6+ Kxf6 17. Na3 c4 18. Nxb5 Nc6 19. Rd6+ Ke7 20. Bxc4 Kd8 21.
Rdxh6 Rxh6 22. Rxh6 Nb4 23. Rh8+ Ke7 24. Rxc8 Rg6 25. g3 Rg4 26. Kb1 Rxe4 27.
Bg5+ Nf6 28. Rc7+ Kd8 29. Bxf6+ Ke8 30. Nd6+ Kf8 31. Rc8# 1-0

[Event "Uma rodada por dia"]
[Site "http://www.queenalice.com/game.php?id=1098160"]
[Date "2012.8.31"]
[Round "-"]
[White "Ichglauble"]
[Black "Pedrodkp"]
[Result "1-0"]
[WhiteElo "1737"]
[BlackElo "1186"]

1. e4 d5 2. exd5 Qxd5 3. c4 Qe6+ 4. Be2 Bd7 5. d4 Qg6 6. Bf3 c6 7. d5 h5 8. g3
e6 9. Nc3 Ne7 10. d6 Nf5 11. c5 b6 12. cxb6 axb6 13. Nge2 Nxd6 14. Nf4 Qf5 15.
O-O h4 16. g4 Qf6 17. h3 Ra5 18. Nh5 Qe5 19. Bf4 Qc5 20. Nxg7+ Ke7 21. Na4 Qb4
22. Bd2 Qxa4 23. Bxa5 Qxa5 24. Nh5 Qe5 25. Qd3 Qxb2 26. Rad1 Nb5 27. Bxc6 Nxc6
28. Qxd7# 1-0

[Event "Challenge"]
[Site "http://www.queenalice.com/game.php?id=1102930"]
[Date "2012.9.14"]
[Round "-"]
[White "Rogerio11"]
[Black "Pedrodkp"]
[Result "0-1"]
[WhiteElo "1330"]
[BlackElo "1151"]

1. e4 d5 2. d3 Nh6 3. Nc3 d4 4. Nd5 e5 5. Nf3 Bg4 6. h3 c6 7. hxg4 Nxg4 8. Rh4
Nh6 9. Nxe5 cxd5 10. Qf3 Qxh4 11. exd5 Bd6 12. g3 Qf6 13. Bf4 Bxe5 14. c3 dxc3
15. bxc3 Bxc3+ 16. Ke2 Bxa1 17. d6 O-O 18. Qxb7 Qb2+ 19. Qxb2 Bxb2 20. f3 Re8+
21. Kd2 Be5 22. a4 Bxf4+ 23. gxf4 Rd8 24. Bh3 Rxd6 25. Bf1 Nd7 26. Bh3 f5 27.
Bf1 Rd4 28. Kc3 Rxf4 29. Kb2 Rxf3 30. Be2 Re3 31. d4 Rxe2+ 32. Kb3 Rb8+ 33. Kc4
Nb6+ 34. Kc5 Nxa4+ 35. Kc6 Rb6+ 36. Kc7 Re7+ 37. Kd8 Kf8 0-1

[Event "Agora o jogo começa de verdade."]
[Site "http://www.queenalice.com/game.php?id=1102939"]
[Date "2012.9.15"]
[Round "-"]
[White "Pedrodkp"]
[Black "Ichglauble"]
[Result "1-0"]
[WhiteElo "1142"]
[BlackElo "1741"]

1. d4 d5 2. Nc3 e6 3. h4 Be7 4. e4 Bxh4 5. Nf3 Bf6 6. e5 Be7 7. Bb5+ Bd7 8. Qd3
a6 9. Rxh7 Bxb5 10. Nxb5 Rxh7 11. Qxh7 Kd7 12. Nc3 Bb4 13. Ng5 Nc6 14. Be3 Nxd4
15. Bxd4 Qxg5 16. a3 Qxg2 17. O-O-O Bxc3 18. bxc3 Ne7 19. f4 Ng6 20. Qxg7 Rf8
21. Bc5 Rh8 22. Qxf7+ Kc6 23. Ba7 Rh2 24. Qxe6+ Kb5 25. Rxd5+ c5 26. Rxc5+ Ka4
27. Qc4+ Kxa3 28. Ra5# 1-0

[Event "Invitation"]
[Site "http://www.queenalice.com/game.php?id=1102943"]
[Date "2012.9.15"]
[Round "-"]
[White "Freidinger"]
[Black "Pedrodkp"]
[Result "1-0"]
[WhiteElo "1100"]
[BlackElo "1186"]

1. e4 d5 2. Qf3 Nh6 3. Nc3 Bg4 4. Qf4 e6 5. exd5 exd5 6. Qe5+ Be7 7. Qxg7 Bf8 8.
Qxh8 f6 9. Qxh7 Bf5 10. Bb5+ c6 11. Qxb7 Nd7 12. Bxc6 Qc8 13. Nxd5 Bc5 14. Nxf6+
Ke7 15. Nxd7 Bxd7 16. Qb5 Qxc6 17. Qe2+ Qe6 18. Qxe6+ Bxe6 19. f3 Kf7 20. a3 Bd7
21. d4 Re8+ 22. Ne2 Bb5 23. dxc5 Nf5 24. a4 Bxe2 25. g4 Bxf3+ 26. Kf2 Bxg4 27.
c6 Re2+ 28. Kg1 Nh4 29. Kf1 Rxc2 30. Rg1 Bh3+ 31. Ke1 Rxc6 32. Rg3 Bf5 33. Bg5
Ng6 34. Rf3 Ke6 35. h4 Bg4 36. Rf6+ Kd5 37. Rd1+ Ke5 38. Rxc6 Kf5 39. Rd5+ Ne5
40. Bf6 Ke4 41. Rxe5+ Kd4 42. Rg5+ Ke3 43. Rxg4 Kf3 44. Rd4 Kg3 45. Rc3+ Kg2 46.
Rg4+ Kh2 47. Be5+ Kh1 48. Rh3# 1-0

[Event "Challenge New"]
[Site "http://www.queenalice.com/game.php?id=1104581"]
[Date "2012.9.19"]
[Round "-"]
[White "Pedrodkp"]
[Black "vult0"]
[Result "0-1"]
[WhiteElo "1151"]
[BlackElo "1690"]

1. e4 e5 2. Nf3 d6 3. d4 exd4 4. Nxd4 c5 5. Nb5 a6 6. N5c3 Nc6 7. Nd5 Be6 8. c4
Nd4 9. b4 b6 10. h4 Nf6 11. bxc5 bxc5 12. Nxf6+ Qxf6 13. Nc3 Qd8 14. a4 Rb8 15.
f3 g6 16. f4 h5 17. Rb1 Bg4 18. Be2 Nxe2 19. Nxe2 Rxb1 20. Qd2 Bg7 21. O-O O-O
22. Qa2 Ra1 23. Qb3 Bxe2 24. Qe3 Bd4 25. Qxd4 cxd4 26. Re1 Qxh4 27. Bd2 Rxe1+
28. Bxe1 Qxe1+ 29. Kh2 h4 30. g3 Qxg3+ 31. Kh1 Bf3# 0-1

[Event "Bora?"]
[Site "http://www.queenalice.com/game.php?id=1104965"]
[Date "2012.9.21"]
[Round "-"]
[White "Freidinger"]
[Black "Pedrodkp"]
[Result "1-0"]
[WhiteElo "1358"]
[BlackElo "1142"]

1. e4 e5 2. Qf3 Bb4 3. Bc4 Qf6 4. Qxf6 Nxf6 5. f3 O-O 6. a3 b5 7. Bxb5 c6 8. Bc4
d5 9. exd5 cxd5 10. Bb5 Bd7 11. Bxd7 Nbxd7 12. axb4 e4 13. fxe4 Nxe4 14. d3 Nd6
15. Bf4 Rae8+ 16. Ne2 Re6 17. Nc3 Rfe8 18. Rxa7 Nf6 19. O-O d4 20. Nxd4 Re1 21.
Bxd6 Ng4 22. Nf5 Rxf1+ 23. Kxf1 Nxh2+ 24. Bxh2 g6 25. Ne7+ Kg7 26. Be5+ f6 27.
Nf5+ Kf8 28. Ng7 Rxe5 29. d4 Re7 30. Rxe7 Kxe7 31. g4 Kf7 32. Nf5 gxf5 33. gxf5
h5 34. b5 Ke7 35. b6 Kd8 36. Nd5 h4 37. Nxf6 h3 38. Kg1 Kc8 39. Nd5 Kb7 40. f6
Kc6 41. Ne7+ Kd7 42. b7 Kc7 43. f7 Kxb7 44. f8=Q Kc7 45. Qc8+ Kd6 46. Nf5+ Kd5
47. Qd7+ Ke4 48. d5 Kf3 49. Nh4+ Kg3 50. Qh7 h2+ 51. Kh1 Kh3 52. Nf3+ Kg3 53.
Nxh2 Kf2 54. d6 Ke2 55. c4 1-0

[Event "Challenge"]
[Site "http://www.queenalice.com/game.php?id=1116106"]
[Date "2012.10.26"]
[Round "-"]
[White "Pedrodkp"]
[Black "Oscar1961"]
[Result "0-1"]
[WhiteElo "1188"]
[BlackElo "1276"]

1. e4 e5 2. Qf3 Be7 3. Bc4 Nf6 4. g4 d6 5. h3 h6 6. Nc3 a6 7. Nd5 b5 8. Nxe7
Qxe7 9. Bb3 O-O 10. d4 exd4 11. e5 Ra7 12. Ne2 dxe5 13. O-O e4 14. Qg3 d3 15.
cxd3 exd3 16. Qxd3 c5 17. Nf4 c4 18. Nd5 Qd8 19. Qd4 Nc6 20. Qc5 Rc7 21. Bf4
cxb3 22. Nxc7 Qd7 23. Bd6 Ne4 24. Qd5 Re8 25. Rfe1 Nf6 26. Rxe8+ Nxe8 27. Nxe8
Qxe8 28. axb3 Ne7 29. Qe5 Kf8 30. Re1 f6 31. Bxe7+ Kf7 32. Qe6+ Bxe6 0-1

[Event "Challenge"]
[Site "http://www.queenalice.com/game.php?id=1117257"]
[Date "2012.10.30"]
[Round "-"]
[White "Pedrodkp"]
[Black "brunoadriano"]
[Result "0-1"]
[WhiteElo "1169"]
[BlackElo "1223"]

1. e4 e6 2. Qf3 d5 3. Nh3 dxe4 4. Qxe4 Nf6 5. Qd3 Bd6 6. Nc3 O-O 7. Ne4 Nxe4 8.
Qxe4 f5 9. Qe2 Nc6 10. Qh5 Qf6 11. f4 Nd4 12. Ng5 h6 13. Nh3 Nxc2+ 14. Kd1 Nxa1
15. Qf3 e5 16. Qd3 exf4 17. Qb1 Nb3 18. axb3 Be6 19. g3 Bxb3+ 20. Ke2 Rae8+ 21.
Kf3 Bd5+ 22. Kf2 Qd4# 0-1

[Event "Challenge"]
[Site "http://www.queenalice.com/game.php?id=1117259"]
[Date "2012.10.30"]
[Round "-"]
[White "Pedrodkp"]
[Black "brunoadriano"]
[Result "0-1"]
[WhiteElo "1135"]
[BlackElo "1325"]

1. Nh3 d5 2. d4 Bxh3 3. gxh3 e6 4. Bg2 Nf6 5. c3 Bd6 6. Qb3 b6 7. Bf3 Nc6 8. Rg1
g6 9. c4 Nxd4 10. Qa4+ Qd7 11. Qd1 Nxf3+ 12. exf3 Bxh2 13. Rg5 Bd6 14. Qd4 Be7
15. cxd5 Qd8 16. Nc3 O-O 17. h4 Nxd5 18. Nxd5 Bxg5 19. Bxg5 Qxd5 20. Rd1 Qxd4
0-1

[Event "Challenge"]
[Site "http://www.queenalice.com/game.php?id=1120425"]
[Date "2012.11.9"]
[Round "-"]
[White "Pedrodkp"]
[Black "Oscar1961"]
[Result "0-1"]
[WhiteElo "1150"]
[BlackElo "1274"]

1. e4 Nc6 2. Qf3 Nf6 3. Nc3 e5 4. Qg3 h5 5. Nd5 Nxe4 6. Qxe5+ Nxe5 7. d4 Ng6 8.
c4 c6 9. f3 Qa5+ 10. Nc3 Nxc3 11. bxc3 Qxc3+ 12. Kd1 Qxa1 13. h4 Qxd4+ 14. Bd2
Be7 15. Ne2 Qxc4 16. Nc1 Qd5 17. Bd3 Nxh4 18. Rg1 b5 19. f4 f5 20. g3 Nf3 21.
Rf1 h4 22. Ke2 Nd4+ 23. Ke1 hxg3 24. Rg1 Nf3+ 25. Ke2 Nxg1+ 26. Ke3 Bc5# 0-1

[Event "Let's Play Chess!"]
[Site "http://www.queenalice.com/game.php?id=1289361"]
[Date "2014.6.20"]
[Round "-"]
[White "Pedrodkp"]
[Black "carlosufpe"]
[Result "1-0"]
[WhiteElo "1125"]
[BlackElo "1667"]

1. d3 d6 2. g3 e5 3. Nc3 Nf6 4. Bg2 Be7 5. Nb5 O-O 6. Be3 c5 7. Be4 Nxe4 8. dxe4
a6 9. Nc3 Re8 10. h4 Nd7 11. Nd5 b5 12. Bg5 Bxg5 13. hxg5 Bb7 14. f4 Bxd5 15.
exd5 exf4 16. gxf4 Qe7 17. Qd3 c4 18. Qxh7+ 1-0

[Event "Let's Play Chess!"]
[Site "http://www.queenalice.com/game.php?id=1292247"]
[Date "2014.7.3"]
[Round "-"]
[White "papilon_br"]
[Black "Pedrodkp"]
[Result "0-1"]
[WhiteElo "1529"]
[BlackElo "1125"]

1. e4 e5 2. Nf3 d6 3. Nc3 Nc6 4. Bb5 Nf6 5. d4 Be7 6. d5 a6 7. Bxa6 Rxa6 8. dxc6
Rxc6 9. O-O d5 10. exd5 Rd6 11. Qd3 Nxd5 12. Nxd5 Rxd5 13. Qe4 b6 14. Be3 f5 15.
Qa4+ Qd7 16. Qa8 O-O 17. Qa7 f4 18. Bc1 e4 19. Nd2 Ra5 20. Qb8 Qc6 21. Nb3 Ra4
22. Bxf4 Bd6 23. Bxd6 Qxd6 24. Rfd1 Qc6 25. Nd4 Qc5 26. c3 Bg4 27. Qxf8+ Kxf8
28. h3 Bd7 0-1

[Event "Let's Play Chess!"]
[Site "http://www.queenalice.com/game.php?id=1292249"]
[Date "2014.7.3"]
[Round "-"]
[White "Pedrodkp"]
[Black "papilon_br"]
[Result "0-1"]
[WhiteElo "1125"]
[BlackElo "1527"]

1. e4 e5 2. d4 exd4 3. Qxd4 Nc6 4. Qc3 Bb4 5. Qxb4 Nxb4 6. Na3 d5 7. c3 Nc6 8.
f3 dxe4 9. fxe4 Ne5 10. Nf3 Nxf3+ 11. gxf3 Nh6 12. Be3 O-O 13. Rd1 Qf6 14. Rd5
Qxf3 15. Be2 Qxh1+ 16. Bf1 Bh3 17. Kf2 Rad8 18. Rd4 Rxd4 19. Bxd4 Ng4+ 20. Kg3
Qxh2+ 21. Kh4 f5 22. Bc4+ Kh8 23. e5 Nxe5 24. Bc5 Nf3+ 25. Kh5 Bg4# 0-1

[Event "Revanche [continuação]"]
[Site "http://www.queenalice.com/game.php?id=1293956"]
[Date "2014.7.11"]
[Round "-"]
[White "Pedrodkp"]
[Black "Ichglauble"]
[Result "0-1"]
[WhiteElo "1125"]
[BlackElo "1741"]

1. d3 d6 2. e3 h6 3. h4 e5 4. Nf3 Nc6 5. g3 Bg4 6. Bg2 Nf6 7. Bd2 e4 8. dxe4
Nxe4 9. Nc3 Nxc3 10. bxc3 Ne5 11. Rb1 Qf6 12. Nxe5 Bxd1 13. Kxd1 dxe5 14. Bxb7
Rd8 15. Ke2 Be7 16. e4 Qd6 17. Rhd1 Qg6 18. Bg5 hxg5 19. hxg5 Qh5+ 20. f3 Qh2+
21. Ke3 Bc5+ 22. Rd4 exd4+ 23. cxd4 Bxd4+ 24. Kf4 Qd2+ 25. Kf5 g6+ 26. Kg4 Rh5
27. Bc6+ Kf8 28. Rb5 a6 29. Rd5 Rxd5 30. Bxd5 Qxg5# 0-1

[Event "Challenge"]
[Site "http://www.queenalice.com/game.php?id=1459365"]
[Date "2017.1.13"]
[Round "-"]
[White "Pedrodkp"]
[Black "Ichglauble"]
[Result "0-1"]
[WhiteElo "1125"]
[BlackElo "1737"]

1. e4 e5 2. d3 d6 3. Nc3 g5 4. g3 Nf6 5. Bxg5 Bg7 6. Nd5 Nbd7 7. Qh5 Nxh5 8.
Bxd8 Kxd8 9. O-O-O Bh6+ 10. Rd2 Bxd2+ 11. Kxd2 Nhf6 12. Nf3 Nxd5 13. exd5 c6 14.
Ng5 Ke8 15. Be2 h6 16. Ne4 Ke7 17. dxc6 bxc6 18. Bg4 Ba6 19. Re1 Nf6 20. Nxf6
Kxf6 21. Re4 Rhb8 22. b3 Rh8 23. Bd7 Bb7 24. Bh3 c5 25. b4 Bxe4 26. dxe4 cxb4
27. Bf1 a5 28. Bc4 a4 29. Bd5 Ra5 30. c3 bxc3+ 31. Kxc3 Rc8+ 32. Kd3 Rac5 33. f4
Rc3+ 34. Kd2 Rc2+ 35. Ke1 Rxh2 36. fxe5+ Kxe5 37. Bc4 Rxc4 38. g4 Rc1# 0-1

[Event "Revenge of the revenge"]
[Site "http://www.queenalice.com/game.php?id=1461101"]
[Date "2017.1.25"]
[Round "-"]
[White "Ichglauble"]
[Black "Pedrodkp"]
[Result "1-0"]
[WhiteElo "1739"]
[BlackElo "1125"]

1. e4 d5 2. e5 Nh6 3. d4 e6 4. Bxh6 gxh6 5. Nf3 c5 6. Bb5+ Bd7 7. Bxd7+ Nxd7 8.
dxc5 Nxc5 9. O-O h5 10. Nc3 h4 11. Nb5 Rg8 12. Nxh4 Qxh4 13. Nc7+ Ke7 14. Nxa8
Kd7 15. g3 Qh6 16. Qe1 Bg7 17. Qe3 Qh3 18. Qxc5 Rc8 19. Qd6+ Ke8 20. Nc7+ Rxc7
21. Qxc7 Qh5 22. c4 Bxe5 23. Qxb7 f5 24. cxd5 exd5 25. Rac1 Kf8 26. Rc8+ Qe8 27.
Rxe8+ Kxe8 28. Rc1 Bxb2 29. Rc8# 1-0

[Event "Vengeance of the revenge"]
[Site "http://www.queenalice.com/game.php?id=1462020"]
[Date "2017.1.30"]
[Round "-"]
[White "Pedrodkp"]
[Black "Ichglauble"]
[Result "0-1"]
[WhiteElo "1123"]
[BlackElo "1743"]

1. e4 e5 2. d3 d6 3. h4 Be7 4. Nf3 Bg4 5. Bd2 Bxf3 6. gxf3 Nf6 7. h5 h6 8. f4
O-O 9. Rg1 d5 10. fxe5 dxe4 11. exf6 Bxf6 12. dxe4 Bxb2 13. Nc3 Bxa1 14. Qxa1 f6
15. Ne2 Qd6 16. f4 Rd8 17. Bc3 Nd7 18. e5 Qb6 19. Rg3 Nc5 20. Bd4 Qa5+ 21. Qc3
Qxc3+ 22. Nxc3 Rxd4 23. exf6 Ne4 24. Rxg7+ Kf8 25. Ne2 Rd6 26. Rxc7 Nxf6 27.
Rxb7 Ra6 28. Rb2 Nxh5 29. f5 Re8 30. Bg2 Ng3 31. Bf3 Ra3 32. Kf2 Nxe2 33. Bxe2
Rae3 34. c4 Rc3 35. a4 Ree3 36. Rb4 Rh3 37. a5 Rh2+ 38. Ke1 Rc2 39. Rb8+ Kf7 40.
Rb7+ Kf6 41. Bd3 Rc1# 0-1

[Event "Retribution"]
[Site "http://www.queenalice.com/game.php?id=1463273"]
[Date "2017.2.7"]
[Round "-"]
[White "Ichglauble"]
[Black "Pedrodkp"]
[Result "1-0"]
[WhiteElo "1747"]
[BlackElo "1136"]

1. e4 Nf6 2. e5 Ne4 3. d4 e6 4. f3 Ng5 5. h4 Nxf3+ 6. Nxf3 d5 7. Ng5 Be7 8. Qf3
Bxg5 9. Bxg5 Qd7 10. Qg3 Nc6 11. Bb5 O-O 12. Bh6 g6 13. Bxf8 Kxf8 14. h5 a6 15.
Bd3 Nxd4 16. Na3 Qe7 17. hxg6 fxg6 18. O-O-O Ke8 19. Bxg6+ hxg6 20. Qxg6+ Kd7
21. Rxd4 Kc6 22. c4 Kc5 23. Rhd1 Bd7 24. cxd5 c6 25. Qc2+ Kb6 26. Nc4+ Ka7 27.
dxc6 Bxc6 28. Qf2 Qg5+ 29. Kb1 Qf5+ 30. Qxf5 exf5 31. Rd8 Be4+ 32. Kc1 Bxg2 33.
e6 Bd5 34. R1xd5 Rxd8 35. Rxd8 f4 36. e7 f3 37. e8=Q a5 38. Ra8# 1-0

[Event "Challenge"]
[Site "http://www.queenalice.com/game.php?id=1479620"]
[Date "2017.5.25"]
[Round "-"]
[White "Pedrodkp"]
[Black "Ichglauble"]
[Result "0-1"]
[WhiteElo "1134"]
[BlackElo "1753"]

1. e3 e5 2. Nf3 d6 3. Be2 Nc6 4. Bc4 Be6 5. Bb3 Nf6 6. Nc3 Bxb3 7. axb3 e4 8.
Nh4 h5 9. d3 Ng4 10. g3 Qf6 11. O-O Be7 12. Nxe4 Qe5 13. Ra4 Bxh4 14. f4 Qe7 15.
gxh4 Qxh4 16. Ng3 Qxh2# 0-1